| 000 | 02050nam0a2200385 4500 | ||
|---|---|---|---|
| 001 | RU\NLR\bibl\356062 | ||
| 005 | 20260408194443.0 | ||
| 021 |
_aRU _b2002-52077 _92519 |
||
| 035 | _a(NLR Aleph) 000350714 | ||
| 090 |
_a274186 _c274185 |
||
| 100 | _a20021226d2002 u y0rusy50 ca | ||
| 101 | 0 | _arus | |
| 102 | _aRU | ||
| 105 | _aa ||||||||| | ||
| 200 | 1 |
_aМоделирование магнитного сигнала тиринг-моды в токамаке _fСперанский Н.Н. |
|
| 210 |
_a[М.] _cЦентр. НИИ упр., экономики и информ. Минатома России _d2002 |
||
| 215 |
_a22 с. _cил. _d21 |
||
| 225 | 1 |
_aПрепринт ТРИНИТИ _fГос. науч. центр Рос. Федерации-Троиц. ин-т инновац. и термоядер. исслед. _v0098-А |
|
| 320 | _aБиблиогр.: с. 15-16 | ||
| 606 | 0 |
_a"Токамак", магнитные ловушки _xПлазма _xТиринг _xМатематическое моделирование _92276675 _3RU\NLR\auth\661364280 |
|
| 606 | 0 |
_aПлазменные шнуры _91871712 _3RU\NLR\auth\66849758 |
|
| 606 |
_aПлазма (физ.) в магнитных ловушках "Токамак" _xТиринг _xМатематическое моделирование _3RU\NLR\auth\661364281 _92276677 |
||
| 610 | 0 | _aПлазма (физ.) термоядерная - Устойчивость - Математическое моделирование | |
| 610 | 0 | _aТермоядерные реакторы - Магнитные системы - Математическое моделирование | |
| 675 |
_a533.9 _v3 _zrus |
||
| 686 |
_a30.17 _2rugasnti |
||
| 686 |
_a22.333 _2rubbk |
||
| 686 | _aВ333.432 | ||
| 700 | 1 |
_4070 _8rus _7ca _aСперанский _bН. Н. _f1958- _gНиколай Николаевич _3RU\NLR\auth\779223 _9119065 |
|
| 801 | 0 |
_aRU _bRKP _c20021226 _gPSBO |
|
| 801 | 1 |
_aRU _bRKP _c20021226 |
|
| 801 | 2 |
_aRU _bNLR _c20070220 _grcr |
|
| 942 | _cBOOK | ||
| 980 | _aNB | ||